01139cam a22003494i 4500003000900000005001700009008004100026035001800067040003300085082002200118100003000140245004800170264007300218300002800291336002100319337002500340338002300365505028200388526000900670526000900679526000900688526000900697526000900706526000900715526000800724526000800732526000800740526000800748526000800756526000800764650001700772PE-LiUPU20250731184606.0150616s r 000 0 d a(Sirsi) a7335 aPE-LiUPUbspacPE-LiUPUerda04a956.9401bT472211 aThiele, Edwin R.,eautor.14aThe Mysterious Numbers of the Hebrew Kings. 1aGrand Rapids, Michigan :bWm. B. Eerdmans Publishing Company,c1965. a232 páginas ;c21 cm. atext2rdacontent aunmediated2rdamedia avolume2rdacarrier0 aThe Problems of Old Testament Chronology -- The Fundamental Principles of Hebrew Chronology -- The chronology of Israel and Judah, 9331-740 B.C. Patterns Twelve-twnty and Two-seventeen. The Siege and Fall of Samaria. The origin of the Book of Kings. old testament Israel Judah. aP136 aP135 aP134 aP133 aP144 aP143 aP87 aP35 aP20 aP14 aP10 aP0604aGOBERNANTES.